000 00447nam a2200181Ia 4500
001 22664
005 20260414150846.0
008 260414t2008||||xx |||||||||||||| ||spa||
041 _aESP
082 _a621.384
_bA77
100 _aWilson, Mark J.
_eAUT
245 4 _aThe Handbook for radio comunications :
_b2009
260 _c2008
300 _avarias paginaciones :
_c27 cm.
650 _aTCA
654 _aCET
942 _cLIB
_dJUS
_fJUS
_2ddc
_n
999 _c22664
_d22664